[Event "2nd SC 1400/1800"]
[Site "SchemingMind.com"]
[Date "2006.01.28"]
[Round "-"]
[White "CHED"]
[Black "LittleBigHorse"]
[Result "0-1"]
[WhiteCountry "USA"]
[BlackCountry "IRL"]
[WhiteElo "1656"]
[WhiteRD "78"]
[BlackElo "1454"]
[BlackRD "101"]
[GameID "37488"]

1. Nf3 Nf6 2. g3 c5 3. Bg2 Nc6 4. O-O g6 5. d3 Bg7 6. Nbd2 O-O 7. e4 d6 8. Nh4 Bd7 9. f4 e6 10. Nhf3 b5
11. Qe2 Rb8 12. Rb1 Ne8 13. b3 Nb4 14. e5 Nxa2 15. Bb2 Nb4 16. Ne4 Qc7 17. exd6 Nxd6 18. Ne5 Rfc8 19. Nxd7 Qxd7 20. Nf6+ Bxf6
21. Bxf6 Nd5 22. Ba1 a5 23. Bxd5 exd5 24. Rbe1 Re8 25. Qf2 Qc6 26. Qg2 a4 27. Rb1 Nf5 28. Qh3 Ne3 29. Rf2 d4 30. bxa4 bxa4
31. Rc1 Qd5 32. c4 Qf5 33. Qxf5 Nxf5 34. Ra2 Ra8 35. Kf2 Reb8 36. Rcc2 a3 37. Rc1 Rb3 38. Rd1 Kg7 39. Kf3 Re8 40. g4 Re3+
41. Kf2 Nh4 42. Rdd2 Rf3+ 43. Ke2 Rxf4
0-1